Il decreto Lamentabili sane exitu della S. Congregazione del S. Ufficio

Saved in:
Bibliografiske detaljer
Hovedforfatter: Heiner, Francesco (Author)
Format: Bog
Sprog:latin
Udgivet: Roma Desclée et Cie 1908
Udgivelse:1a. ed
Fag:
Tags: Tilføj Tag
Ingen Tags, Vær først til at tagge denne postø!

MARC

LEADER 00000cam a2200000 a 4500
001 UCD3332
003 CL-VaPUC
008 160603e19080000it |||||||||||||||||lat|d
082 0 4 |a 262.91  |b HEI  |2 21 
100 0 |a Heiner, Francesco  |e author  |9 586755 
245 1 3 |a Il decreto Lamentabili sane exitu della S. Congregazione del S. Ufficio 
250 |a 1a. ed 
300 |a 375 p 
942 |c BK 
945 |d 20160603 11:43:00  |a dcastane 
260 |a Roma  |b Desclée et Cie  |c 1908 
650 7 |a DERECHO CANONICO  |2 CL-VaPUC  |9 586756 
650 0 |a Derecho eclesiástico  |9 255055 
583 |a last modification  |c 20160603 11:43:00  |k Rodrigo Vera 
999 |c 364368  |d 364366 
952 |0 0  |1 0  |3 erd  |4 0  |6 262_910000000000000_HEI_1908  |7 0  |8 X  |9 477465  |a BIBTEO  |b BIBTEO  |c TEO_FFR  |i 5234247  |o 262.91 HEI 1908  |p 5234247  |r 2024-01-18  |w 2019-11-24  |y BK_X  |z Catalogado en:20160603  |k OFM